000 00430nam a22001577a 4500
005 20240820101759.0
008 240820b |||||||| |||| 00| 0 eng d
082 _a332.17
_bBAN
245 _aBanking Law and Practice/
_cThe Institute of Bankers Pakistan
260 _aKarachi
_bThe Institute of Bankers Pakistan
_c2002
300 _a166 p.:
_c24 cm.
490 _vVol-I
650 _aSocial Sciences
999 _c36415
_d36415